| 000 | 01260nam a2200217Ia 4500 | ||
|---|---|---|---|
| 003 | OSt | ||
| 005 | 20241011151425.0 | ||
| 007 | ca aa aaaaa | ||
| 008 | 201103s9999 xx 000 0 und d | ||
| 040 | _cSSBUL | ||
| 041 | _abur | ||
| 082 |
_223 _a၂၉၄.၃၄၃၅၀၉ မောင် _b၁၃၁၈၇ S-SAT |
||
| 100 | 0 | _aမောင်ရှင်း၊ ဦး၊ ဆရာ | |
| 245 | 1 | 0 |
_aဇလွန်မြို့မရ်အောင်မြင်ပြည်တော်ပြန် မြတ်စွာဘုရားကြီး (သမိုင်းအကျဉ်းချုပ်) / _cဆရာဦး မောင်ရှင်း၊ ရှာဖွေစုဆောင်းသူ ဦးလှထွန်းကျော်။ |
| 260 |
_aရန်ကုန် ၊ _bရွှေပုရပိုက်စာပေ၊ _c၁၉၉၃။ |
||
| 300 |
_a၅၃ စာမျက်နှာ ၊ _bဓါတ်ပုံ ၊ _c၁၇ စင်တီ။ |
||
| 500 | _aS-SAT: Dr. Sai Aung Tun | ||
| 650 |
_aမာန်အောင်မြင်ပြည်တော်ပြန် ဘုရား _vသမိုင်း _955051 |
||
| 650 |
_aစေတီပုထိုး _zဇလွန်မြို့ _955052 |
||
| 942 |
_2ddc _cBK1 |
||
| 999 |
_c16863 _d16863 |
||